[Event "88th GER-ch Men 2017"]
[Site "Apolda"]
[Date "2017.06.27"]
[Round "5"]
[White "Dobierzin, Olaf"]
[Black "Middelhoff, Cornelius"]
[Result "0-1"]
[WhiteElo "2020"]
[BlackElo "2131"]
[Annotator "TA"]
[PlyCount "72"]
[EventDate "2017.??.??"]
[EventType "swiss"]
[EventCountry "GER"]
[SourceTitle "playchess.com"]
[Source "ChessBase"]
[SourceQuality "1"]

{[%evp 15,72,-3,11,8,26,14,10,21,33,19,47,19,18,0,33,0,0,0,2,0,0,-4,-4,-21,-21,-25,-23,-37,0,-31,-18,-94,-95,-95,-96,-104,-91,-98,-97,-102,-98,-98,-99,-82,-77,-95,-95,-105,-105,-113,-112,-225,-225,-354,-341,-440,-330,-539,-542]} 1. e4 e6 2. d4 d5 3. e5 c5 4. c3 Nc6 5. Nf3 Bd7 6. Be2 Nge7 7. Na3 Ng6 8. Nc2 Be7 9. O-O {C02: French: Advance Variation} (9. g3 O-O 10. h4 cxd4 11. cxd4 f6 12. h5 Nh8 13. exf6 Bxf6 14. Ne3 Qb6 15. Ng4 Bxd4 16. h6 g6 {0-1 (29) Simonovic,A (2357)-Nikolic,P (2618) Kraljevo 2015}) 9... a6 10. Re1 cxd4 $146 ({Predecessor:} 10... O-O 11. Bd3 c4 12. Bf1 f6 13. g3 fxe5 14. Nxe5 Ncxe5 15. dxe5 {1-0 (58) Ivic,M (2303)-Sunara,T (2003) Solin 2007}) 11. cxd4 {The position is equal.} Qb6 12. Bd3 Rc8 13. Rb1 Na5 14. Ne3 Bb5 15. g3 Bxd3 16. Qxd3 Qb5 17. Qxb5+ axb5 18. Bd2 Nc4 19. Rec1 Kd7 20. Nxc4 Rxc4 21. b3 Rc6 (21... Rxc1+ {with more complications.} 22. Bxc1 Ra8 23. Ra1 Bd8 24. Kf1 Ne7) 22. Rxc6 bxc6 23. b4 (23. h4 $11 {keeps the balance.}) 23... Ra8 $17 24. Rb2 f6 25. Kf1 Ra3 26. Be3 Bd8 27. Ke2 Bc7 {[%cal Rf6e5]} 28. exf6 gxf6 29. Ne1 e5 30. Nc2 Ra8 31. Kd2 Ne7 32. f3 Nf5 33. Bf2 {[#]} (33. a3 $17) 33... Nd6 $1 $19 34. dxe5 (34. Kc3 {was called for.}) 34... Nc4+ ({Much less strong is} 34... fxe5 35. Kc1 $19) 35. Kc3 Nxb2 {[#]} 36. Kxb2 $2 (36. e6+ $1 {[%mdl 512]} Kxe6 37. Kxb2) 36... fxe5 {Precision: White = 33%, Black = 60%.} 0-1

[Event "88th GER-ch Men 2017"]
[Site "Apolda"]
[Date "2017.06.28"]
[Round "6"]
[White "Nisipeanu, Liviu-Dieter"]
[Black "Svane, Rasmus"]
[Result "1/2-1/2"]
[WhiteElo "2683"]
[BlackElo "2577"]
[Annotator "TA"]
[PlyCount "81"]
[EventDate "2017.??.??"]
[EventType "swiss"]
[EventCountry "GER"]
[SourceTitle "playchess.com"]
[Source "ChessBase"]
[SourceQuality "1"]

{[%evp 9,81,15,20,3,7,4,12,4,9,0,-11,-2,-3,-10,-17,-11,-4,-9,-14,-25,-7,-16,-15,-16,-25,-13,0,0,0,0,0,0,0,0,0,0,0,0,21,18,16,9,14,0,0,0,16,0,0,0,0,0,12,9,6,4,4,7,6,0,14,0,0,0,0,0,0,0,0,0,0,0,0,0]} 1. e4 e6 2. d4 d5 3. Nd2 c5 4. exd5 Qxd5 5. dxc5 Nf6 (5... Bxc5 6. Ngf3 Nf6 7. Bc4 Qc6 8. O-O Nbd7 9. Qe2 a6 10. a4 b6 11. Nb3 Bb7 12. Nxc5 Nxc5 13. b4 Ncd7 14. Rd1 O-O 15. b5 {½-½ (31) Zherebukh,Y (2605)-So,W (2822) Saint Louis 2017}) 6. Ngf3 {C07: French Tarrasch: 3...c5, 4 Ngf3 and 4 exd5 Qxd5} Qxc5 7. Bd3 Nbd7 8. O-O Qc7 9. a4 Nc5 10. Bb5+ Bd7 11. Nc4 $146 ({Predecessor:} 11. Ra3 Be7 12. Bxd7+ Ncxd7 13. Rc3 {0-1 (28) Naiditsch,A (2685)-Ganguly,S (2631) Linares 2015}) 11... a6 12. Bxd7+ Ncxd7 13. Qd4 $132 {[%mdl 2048] White is not keeping still} Bc5 14. Bf4 Qc6 15. Qd3 O-O 16. Nfe5 Nxe5 17. Nxe5 Qe4 {The position is equal.} 18. Qxe4 Nxe4 19. Nd7 Rfd8 20. Nxc5 Nxc5 21. Be3 Rac8 22. a5 Kf8 23. Rfd1 Ne4 24. Rxd8+ Rxd8 $11 {[%mdl 4096] Endgame KRB-KRN} 25. Kf1 Rc8 26. Rc1 Ke7 27. c4 Nc5 28. Rc3 Ne4 29. Rc2 (29. Rb3 $5 {[%cal Rb3b7]}) 29... e5 30. Ke2 Rc6 31. f3 Nd6 32. b3 Nf5 33. Bf2 Ke6 34. Ra2 Rd6 35. Ra4 Kd7 36. Ra2 Nd4+ 37. Bxd4 $1 Rxd4 38. Rd2 Rxd2+ 39. Kxd2 f5 40. g4 g6 $1 41. gxf5 {Precision: White = 62%, Black = 65%.} 1/2-1/2

[Event "88th GER-ch Men 2017"]
[Site "Apolda"]
[Date "2017.06.28"]
[Round "6"]
[White "Meier, Georg"]
[Black "Langheinrich, Ferenc"]
[Result "1-0"]
[WhiteElo "2636"]
[BlackElo "2363"]
[Annotator "TA"]
[PlyCount "67"]
[EventDate "2017.??.??"]
[EventType "swiss"]
[EventCountry "GER"]
[SourceTitle "playchess.com"]
[Source "ChessBase"]
[SourceQuality "1"]

{[%evp 16,67,46,29,47,35,84,46,62,54,87,91,135,136,136,131,218,197,225,215,274,262,290,252,214,205,327,198,189,193,193,194,252,241,251,256,292,285,285,279,289,288,285,287,284,277,305,300,298,298,287,298,346,291]} 1. Nf3 Nf6 2. g3 d5 3. Bg2 g6 4. c4 dxc4 5. Na3 Bg7 6. Nxc4 O-O {A09: Réti Opening: 1 Nf3 d5 2 c4} 7. O-O c6 8. d3 (8. b3 Nbd7 9. Bb2 Nb6 10. Qc1 Nxc4 11. bxc4 Bg4 12. h3 Bxf3 13. Bxf3 Qc7 {0-1 (56) Aronian,L (2785)-Malakhov,V (2713) Doha 2016}) 8... Be6 9. Qc2 {LiveBook: 6 Games} a5 10. b3 $146 ({Predecessor:} 10. Ng5 Bc8 11. Bd2 {1-0 (48) Kerschbaumer,J (2110)-Janisch,R (2095) Austria 2014}) 10... Na6 11. a3 Nc5 12. Rb1 a4 13. bxa4 $1 {Nb6 is the strong threat.} Bxc4 14. Qxc4 Nfd7 15. d4 Ne4 (15... Rxa4 $16 16. Qc2 Bxd4) 16. Qc2 $18 Nd6 17. e4 Nb6 {[#]} 18. Rb4 $1 Rc8 19. Bh3 Nd7 20. Be3 {Hoping for e5.} b5 (20... e6 $142 21. e5 c5) 21. Nd2 e6 22. axb5 cxb5 23. Qb3 Nb6 (23... Ra8 {keeps fighting.} 24. e5 Nc4) 24. e5 Ndc4 25. Rxb5 {White has a decisive advantage.} Nxe3 26. fxe3 ({Not} 26. Qxe3 Nd5 $14) 26... Nd5 27. Rxd5 Qxd5 28. Qxd5 exd5 29. Bxc8 Rxc8 {KRB-KRN} 30. Ra1 Rc2 {[#]} 31. Nf1 $1 f6 32. exf6 Bxf6 33. a4 Rc4 34. Ra2 {Precision: White = 84%, Black = 28%.} 1-0

[Event "88th GER-ch Men 2017"]
[Site "Apolda"]
[Date "2017.06.28"]
[Round "6"]
[White "Buhmann, Rainer"]
[Black "Frischmann, Rick"]
[Result "1/2-1/2"]
[WhiteElo "2590"]
[BlackElo "2304"]
[Annotator "TA"]
[PlyCount "125"]
[EventDate "2017.??.??"]
[EventType "swiss"]
[EventCountry "GER"]
[SourceTitle "playchess.com"]
[Source "ChessBase"]
[SourceQuality "1"]

{[%evp 22,125,32,33,57,60,62,52,73,66,79,75,68,62,66,64,73,60,77,71,65,58,75,69,67,70,63,73,61,12,30,0,0,0,16,20,45,41,33,33,92,10,162,27,27,27,27,27,44,32,56,8,14,14,72,72,72,0,0,0,0,0,0,0,0,0,0,0,0,0,0,0,0,-6,0,0,0,0,0,0,0,0,0,0,0,0,0,0,0,0,0,0,0,0,0,0,0,0,78,0,0,0,0,0,0,0]} 1. Nf3 Nf6 2. c4 c5 3. Nc3 d5 4. cxd5 Nxd5 5. d4 Nxc3 6. bxc3 g6 7. e3 Bg7 8. Bb5+ Nd7 9. O-O O-O 10. a4 a6 {A34: Symmetrical English: 2 Nc3, lines with ...d5} (10... b6 11. a5 Bb7 12. a6 Be4 13. Ng5 Nf6 14. Nxe4 Nxe4 15. Bb2 Rc8 16. Bd3 Nd6 17. Qe2 c4 18. Bc2 {1-0 (30) Korobov,A (2692)-Volokitin,A (2649) Rivne 2016}) 11. Bd3 b6 12. Rb1 {LiveBook: 3 Games} Bb7 {White is slightly better.} 13. e4 Qc7 14. Bg5 Nf6 $146 ({Predecessor:} 14... e6 15. Qd2 Bc6 16. Qa2 Qb7 17. Be7 Rfe8 18. Bxc5 Nxc5 19. dxc5 {0-1 (40) Ksieski,Z (2365)-Hawelko,M (2455) Naleczow 1989}) 15. Re1 h6 16. Bh4 Nh5 17. Qb3 b5 18. axb5 axb5 19. Bxb5 g5 20. Bg3 $1 {[%cal Rg3c7]} Nxg3 21. hxg3 cxd4 22. cxd4 e6 23. d5 exd5 24. exd5 Rac8 {[%cal Ba8c8,Bc8c7,Bc7d7][%mdl 32]} 25. Rbd1 {aiming for d6.} Rfd8 26. Bc4 Qxc4 27. Qxb7 Rc7 (27... Rb8 $5 {[%cal Rb8b7]} 28. Qc6 Qxc6 29. dxc6 Rxd1 30. Rxd1 Rc8 $14) 28. Qb1 {Rc1 is the strong threat.} Rcd7 29. Qb6 Qc8 30. Qb5 Qa8 (30... Qb7 $14 31. Qxb7 Rxb7) 31. d6 ({White should try} 31. Re8+ $1 $16 Rxe8 32. Qxd7) 31... Qb8 $2 {[#]} (31... Bf8 $11 {and Black stays safe.}) 32. Qxb8 (32. Re8+ $1 $18 Rxe8 33. Qxd7) 32... Rxb8 $11 33. Ne5 Bxe5 $1 34. Rxe5 {[%mdl 4096] Endgame KRR-KRR} Rb6 35. Red5 Kg7 36. f4 {[%cal Bf2f4,Bf4f5][%mdl 32]} Kf6 37. Kf2 Ke6 {[#]} (37... g4 $1 $11 {remains equal.}) 38. f5+ $1 $16 Kf6 39. Kf3 ({Better is} 39. g4 $16) 39... h5 $11 40. Ke4 Ra6 41. R1d3 Rb6 42. Kf3 (42. g4 $5 hxg4 43. Ke3 $11) 42... Ra6 43. g4 h4 44. Ke4 Rb6 45. R3d4 Ra6 46. Ke3 Rb6 47. Kd3 Rc6 48. Kd2 Kg7 49. Ke3 Kf6 50. Kd3 Kg7 51. Ke2 Kf6 52. Kf2 Ra6 53. Kg1 Rb6 54. Kh2 (54. g3 $5) 54... Ra6 55. Rd3 Rb6 56. g3 hxg3+ 57. Kxg3 Ra6 58. Kf3 Rb6 59. Ke4 Ra6 (59... Rc6 $11) 60. Rh3 (60. R5d4 $16) 60... Ra4+ {The position is equal.} 61. Rd4 Rxd4+ 62. Kxd4 Rxd6+ 63. Ke4 {Precision: White = 52%, Black = 70%.} 1/2-1/2

[Event "88th GER-ch Men 2017"]
[Site "Apolda"]
[Date "2017.06.28"]
[Round "6"]
[White "Kollars, Dmitrij"]
[Black "Keymer, Vincent"]
[Result "1/2-1/2"]
[WhiteElo "2511"]
[BlackElo "2411"]
[Annotator "TA"]
[PlyCount "108"]
[EventDate "2017.??.??"]
[EventType "swiss"]
[EventCountry "GER"]
[SourceTitle "playchess.com"]
[Source "ChessBase"]
[SourceQuality "1"]

{[%evp 9,108,9,20,24,18,12,39,26,29,23,22,16,34,20,27,0,24,29,27,19,25,12,8,0,0,0,0,0,0,0,0,0,0,-38,173,48,50,68,80,75,291,131,223,231,240,233,224,168,197,144,161,58,47,0,0,0,0,-18,-41,-30,30,0,0,-17,-16,-20,0,-17,0,0,0,0,0,0,0,0,0,0,0,0,0,-8,0,0,0,0,0,0,0,0,0,0,0,0,0,0,0,0,0,0,0]} 1. c4 c6 2. Nf3 d5 3. g3 Bg4 4. Qb3 (4. Ne5 Be6 5. Bg2 dxc4 6. Na3 g6 7. Qc2 Bg7 8. Naxc4 Nf6 9. O-O O-O 10. Rd1 Nbd7 11. d4 Nxe5 12. Nxe5 {½-½ (73) Nepomniachtchi,I (2749)-Riazantsev,A (2671) Sharjah 2017}) 4... Bxf3 5. Qxf3 e6 6. Bg2 {A11: English Opening: 1...c6} Nf6 7. O-O dxc4 $146 ({Predecessor:} 7... Nbd7 8. cxd5 cxd5 9. d4 Rc8 10. Nc3 Bb4 11. Bd2 Nb6 {½-½ (55) Ortiz Suarez,I (2578)-Bachmann,A (2642) Philadelphia 2016}) 8. Qc3 {White is slightly better.} b5 9. a4 {axb5 is the strong threat.} Nd5 10. Qc2 Qa5 11. b3 cxb3 12. Qxb3 b4 13. Bb2 Nd7 14. d3 N7f6 15. e4 Nb6 16. Bxf6 gxf6 17. e5 Rc8 ({Of course not} 17... Qxe5 $6 18. Bxc6+ Ke7 19. d4 $16 (19. Qxb4+ Kd8 $11)) 18. exf6 Qe5 19. Nd2 $36 {[%mdl 2048] White fights for an advantage.} Qxf6 20. Rac1 Nd5 21. Rfe1 {Strongly threatening Bxd5.} (21. Bxd5 $5 exd5 22. Rfe1+ Kd7 23. d4 $11) 21... Kd7 $2 (21... Bh6 $15 {keeps the upper hand.} 22. Bxd5 Bxd2 23. Bxe6 Bxe1 24. Rxe1 Rb8 25. Bxf7+ Kd8) 22. Ne4 (22. Nc4 $1 $18 {[%cal Rc4e5]} Bg7 23. Ne5+ Qxe5 24. Rxe5 Bxe5 25. Bxd5 cxd5 26. Rxc8 Rxc8 27. Qxb4) 22... Qd8 $14 23. d4 {[%mdl 1024] White has compensation.} (23. a5 $5) 23... a5 {[#]} 24. Qf3 $1 {[%cal Rf3f7]} Qe7 $2 (24... Ke8 $16 {keeps fighting.}) 25. Rc5 (25. Nc5+ $18 Kd8 26. Qe2) 25... f5 (25... Bg7 $16 {was necessary.}) 26. Nd2 $18 Qf6 27. Rxa5 Bd6 28. Nb3 Rc7 29. Qd3 (29. Ra6 $18) 29... h5 $16 {[#]} 30. Rc5 (30. h4 $1 $18) 30... h4 $1 $14 31. Rc2 {Threatens to win with Rce2.} hxg3 32. fxg3 f4 $1 33. Nc5+ (33. Bxd5 $5 exd5 34. Rf2 $11) 33... Bxc5 $1 34. dxc5 Rcc8 (34... fxg3 $142 35. hxg3 Kc8) 35. Rf2 {Hoping for Bxd5.} Qc3 $1 {[%cal Rc3d3] The position is equal.} 36. Qxc3 (36. Qe2 {is interesting.} fxg3 37. Qxe6+ Kc7 38. hxg3 Qxg3 39. Rf7+) 36... bxc3 37. gxf4 Rhf8 38. Rc1 (38. f5 $5) 38... Ra8 39. Bxd5 cxd5 40. Rxc3 Rxa4 $11 {[%mdl 4096] Endgame KRR-KRR} 41. c6+ Kc7 42. Re3 Rf6 43. f5 exf5 44. Re5 Kxc6 (44... Rd6 {seems wilder.} 45. Rfxf5 d4 46. Rd5 Rxd5 47. Rxd5 Kxc6 48. Rd8 Ra1+) 45. Rexf5 Rxf5 (45... Rg6+ {with more complications.} 46. Kf1 Ra1+ 47. Ke2 Kc5 48. h4 Re6+) 46. Rxf5 {KR-KR} Re4 47. Kf2 Kc5 48. Kf3 Kc4 49. Rf8 Re6 50. h4 d4 51. Rc8+ Kb3 52. Rd8 Kc3 53. h5 d3 54. Kf4 d2 {Precision: White = 47%, Black = 56%.} 1/2-1/2

[Event "88th GER-ch Men 2017"]
[Site "Apolda"]
[Date "2017.06.28"]
[Round "6"]
[White "Tischbierek, Raj"]
[Black "Meister, Jakob"]
[Result "0-1"]
[WhiteElo "2450"]
[BlackElo "2433"]
[Annotator "TA"]
[PlyCount "88"]
[EventDate "2017.??.??"]
[EventType "swiss"]
[EventCountry "GER"]
[SourceTitle "playchess.com"]
[Source "ChessBase"]
[SourceQuality "1"]

{[%evp 12,88,24,0,15,0,3,8,14,10,8,13,13,10,8,0,13,5,-3,-13,0,-77,-75,-75,-51,-51,-47,-52,-57,-81,-85,-102,-100,-106,-108,-113,-88,-121,-121,-137,-122,-124,-123,-201,-186,-339,-210,-221,-229,-217,-239,-232,-221,-266,-266,-258,-145,-141,-150,-292,-291,-262,-203,-202,-101,-231,-223,-356,-336,-327,-327,-349,-339,-678,-553,-562,-527,-473,-436]} 1. e4 e5 2. Nf3 Nc6 3. Bb5 a6 4. Ba4 Nf6 5. O-O Be7 6. d3 d6 7. c4 Bg4 {C84: Closed Ruy Lopez: Unusual White 6th moves} (7... O-O 8. h3 Nd4 9. Nxd4 exd4 10. Nd2 Nd7 11. f4 c5 12. Nf3 Rb8 13. Bd2 b5 14. Bb3 bxc4 15. dxc4 {0-1 (36) Sjugirov,S (2669)-Svidler,P (2729) Sochi 2015}) 8. Be3 O-O 9. h3 Bxf3 {The position is equal.} 10. Qxf3 Nd4 11. Bxd4 exd4 12. Nd2 c6 13. Qe2 {[#]} b5 $146 ({Predecessor:} 13... Nd7 14. f4 b5 15. Bd1 {½-½ (35) Martinez Romero,M (2427)-Sevian,S (2601) Medellin 2017}) 14. Bb3 Nd7 15. a4 bxc4 16. dxc4 (16. Bxc4 $11 a5 17. f4) 16... Rb8 $17 17. Rab1 Bf6 18. Bc2 a5 19. b3 Re8 20. f4 Nc5 21. Qf3 Qb6 22. Bd3 Qb4 23. Qe2 g6 24. Rf3 Bg7 $36 {[%mdl 2048] Threatens to win with ...f5! Black is really pushing.} 25. Qd1 Re7 26. Qc2 Qc3 27. Kf1 (27. Rc1 $17) 27... Rbe8 {...f5! is the strong threat.} 28. g4 $2 (28. Rd1) 28... Kh8 29. g5 f6 30. gxf6 Bxf6 31. Kg2 Bg7 32. h4 Bh6 33. Rbf1 Bxf4 (33... Rb8 $19 {And now ...Rf7 would win.} 34. Rd1 {[#]} Bxf4 $1 {[%mdl 512]}) 34. Qxc3 dxc3 35. Nb1 (35. Rxf4 $17 cxd2 36. Bc2) 35... Be5 $19 36. Bc2 Ne6 37. Nxc3 g5 (37... Nd4 $19 38. Rf8+ Rxf8 39. Rxf8+ Kg7) 38. Ne2 (38. hxg5 $17 Nd4 39. Rf8+ Kg7 40. Rxe8 Rxe8 41. Bd1) 38... gxh4 39. Rf7 (39. Kh1 $142) 39... Rg8+ 40. Kh1 Rxf7 41. Rxf7 h3 {[%cal Bh4h3,Bh3h2][%mdl 32]} 42. Ng1 $2 (42. Rf2) 42... Nd4 {Black is clearly winning.} 43. Bd3 h2 {[%csl Gg8][%cal Rh2g1] [#]} 44. Nh3 Nxb3 {Precision: White = 47%, Black = 62%.} 0-1

[Event "88th GER-ch Men 2017"]
[Site "Apolda"]
[Date "2017.06.28"]
[Round "6"]
[White "Jugelt, Tobias"]
[Black "Engel, Luis"]
[Result "1/2-1/2"]
[WhiteElo "2431"]
[BlackElo "2321"]
[Annotator "TA"]
[PlyCount "127"]
[EventDate "2017.??.??"]
[EventType "swiss"]
[EventCountry "GER"]
[SourceTitle "playchess.com"]
[Source "ChessBase"]
[SourceQuality "1"]

{[%evp 12,127,12,0,35,26,37,29,46,0,0,0,0,-4,0,0,0,-7,0,0,23,20,18,11,17,15,26,35,30,27,44,26,19,31,54,1,1,1,1,5,6,-23,-23,-51,4,0,0,0,0,-16,0,0,0,0,0,0,0,0,0,0,0,0,0,0,0,0,0,0,0,0,0,0,0,0,0,0,0,0,0,0,0,0,0,0,0,0,0,0,0,0,43,0,43,43,43,43,43,0,0,0,0,0,0,0,0,0,0,0,0,0,0,0,0,0,0,0,0,0]} 1. d4 Nf6 2. Nf3 g6 3. g3 Bg7 4. Bg2 O-O 5. O-O d6 6. c3 Nbd7 7. a4 {LiveBook: 6 Games} c6 {A49: 1 d4 Nf6 2 Nf3 g6 3 g3: Anti-King's Indian systems} (7... e5 8. Na3 Re8 9. Bg5 e4 10. Nd2 h6 11. Bxf6 Nxf6 12. f3 Bf5 13. f4 Qd7 14. e3 h5 15. Qb3 {0-1 (52) Svirjov,I (2477)-Gasanov,E (2443) Alushta 2006}) 8. a5 Qc7 9. Nbd2 e5 {White has an edge.} 10. dxe5 $146 ({Predecessor:} 10. Nc4 exd4 11. Nxd4 Ne5 12. Nb6 axb6 13. axb6 Qb8 {0-1 (13) Demeter,P (2090)-Nemec,A (2170) Presov 1978}) 10... Nxe5 11. Nxe5 dxe5 12. Nc4 Rd8 13. Qa4 Be6 14. Be3 Bd5 15. Rfd1 Bf8 16. Bg5 Be7 17. Ne3 $36 {[%mdl 2048] [#] aiming for Bxf6. White is pushing.} Bxg2 18. Qh4 Bd5 {And now ...Bb3 would win.} 19. Bxf6 Bxf6 20. Qxf6 Be6 21. b4 h5 22. c4 c5 23. bxc5 ({Better is} 23. Rxd8+ $14 Rxd8 24. bxc5) 23... Rxd1+ $11 24. Rxd1 {Black should prevent a6.} Qxc5 25. Nd5 Qxc4 26. Ne7+ (26. Qxe5 $5 {[%cal Rd5f6]} Bxd5 27. Rxd5 $11) 26... Kh7 27. Qxe5 b6 ({Black should try} 27... Qc2 $15 28. Qd4 Qxe2) 28. axb6 axb6 29. Nd5 Bxd5 30. Rxd5 {[%mdl 4096] Endgame KQR-KQR} Qc1+ (30... Re8 $5 31. Qxe8 Qxd5 $11) 31. Kg2 Qc6 32. e4 Re8 33. Qd4 b5 34. h4 Qc4 35. Qxc4 bxc4 {KR-KR} 36. Kf3 Rc8 37. Rd2 Kh6 38. Ke3 c3 39. Rc2 g5 40. Kd4 gxh4 41. gxh4 Rd8+ 42. Kxc3 (42. Ke5 $5 {[%cal Rc2c3]}) 42... Rg8 43. Kd4 Rg4 44. Ke5 Rxh4 45. Kf5 Rh2 46. Rc6+ Kg7 47. f4 h4 48. Rc1 h3 49. Rc3 Rh1 50. e5 h2 51. Rh3 Kg8 (51... f6 {keeps more tension.} 52. e6 Rb1 53. Rxh2 Rb5+ 54. Kg4 Kg6) 52. Rg3+ Kf8 53. Rg2 Ke8 54. Ra2 Kd7 {The position is equal.} 55. Rd2+ Ke8 56. Rb2 Kd7 57. Rc2 Kd8 58. Ra2 Kd7 59. Ra7+ Ke8 60. Ra8+ Kd7 61. Rh8 Ke7 62. Rh7 Ke8 63. Rh4 Kd7 64. Rh3 {Precision: White = 70%, Black = 67%.} 1/2-1/2

[Event "88th GER-ch Men 2017"]
[Site "Apolda"]
[Date "2017.06.28"]
[Round "6"]
[White "Zude, Arno"]
[Black "Goepfert, Jakob"]
[Result "1-0"]
[WhiteElo "2392"]
[BlackElo "2099"]
[Annotator "NA"]
[PlyCount "65"]
[EventDate "2017.??.??"]
[EventType "swiss"]
[EventCountry "GER"]
[SourceTitle "playchess.com"]
[Source "ChessBase"]
[SourceQuality "1"]
[TimeControl "40/6000+30:3000+30"]

1. e4 {[%emt 0:00:00]} c6 {[%emt 0:00:09]} 2. d4 {[%emt 0:00:00]} d5 {[%emt 0:00:06]} 3. Nd2 {[%emt 0:00:00]} dxe4 {[%emt 0:00:14]} 4. Nxe4 {[%emt 0:00:00]} Bf5 {[%emt 0:00:16]} 5. Ng3 {[%emt 0:00:07] LiveBook: 11584 Games} Bg6 $1 {[%emt 0:00:06]} 6. h4 {[%emt 0:00:18]} h6 {[%emt 0:00:08]} 7. Nf3 {[%emt 0:00:10]} Nd7 {[%emt 0:00:19]} 8. h5 {[%emt 0:00:11]} Bh7 {[%emt 0:00:08]} 9. Bd3 {[%emt 0:00:07]} Bxd3 {[%emt 0:00:06]} 10. Qxd3 {[%emt 0:00:08]} Ngf6 {[%emt 0:00:19]} 11. Bd2 {[%emt 0:00:35]} e6 {[%emt 0:00:24]} 12. O-O-O {[%emt 0:00:25]} Be7 {[%emt 0:00:43]} 13. Kb1 {[%emt 0:00:42]} c5 {[%emt 0:01:31]} 14. Ne4 {[%emt 0:30:03]} Qc7 {[%emt 0:08:39]} 15. Nxf6+ {[%emt 0:17:21]} Nxf6 {[%emt 0:03:02]} 16. Ne5 {[%emt 0:14:21]} a6 {[%emt 0:12:46] [#]} 17. Bf4 $1 {[%emt 0:06:38]} Bd6 {[%emt 0:05:04]} (17... Nd5 $16 {was necessary.} 18. Bg3 Bd6) 18. Qg3 {[%emt 0:07:09]} O-O-O {[%emt 0:22:31]} 19. Qxg7 $18 {[%emt 0:14:11]} Nd5 {[%emt 0:21:30]} 20. dxc5 {[%emt 0:01:18]} f6 {[%emt 0:06:48]} 21. Qxh8 {[%emt 0:00:50]} Rxh8 {[%emt 0:00:37]} 22. cxd6 {[%emt 0:00:09]} Qg7 {[%emt 0:12:51]} 23. Ng6 {[%emt 0:00:16]} Nxf4 {[%emt 0:02:46]} 24. d7+ {[%emt 0:01:44]} Kd8 {[%emt 0:03:14]} 25. Nxf4 {[%emt 0:00:15]} Qg4 {[%emt 0:00:31]} 26. Rd4 {[%emt 0:06:51]} e5 {[%emt 0:01:51]} 27. Rc4 {[%emt 0:02:44]} Qxd7 {[%emt 0:03:51]} 28. Ng6 {[%emt 0:03:34]} Rg8 {[%emt 0:00:48]} 29. Kc1 {[%emt 0:00:33]} Qf5 {[%emt 0:01:51]} 30. Rd1+ {[%emt 0:01:37]} Ke8 {[%emt 0:00:05]} 31. g4 {[%emt 0:00:51]} Qe6 {[%emt 0:01:27]} 32. Rc7 {[%emt 0:00:04]} Rxg6 {[%emt 0:00:35]} 33. hxg6 1-0

[Event "88th GER-ch Men 2017"]
[Site "Apolda"]
[Date "2017.06.28"]
[Round "6"]
[White "Schmidt-Schaeffer, Sebastian"]
[Black "Tonndorf, Matthias"]
[Result "1-0"]
[WhiteElo "2380"]
[BlackElo "2256"]
[Annotator "NA"]
[PlyCount "99"]
[EventDate "2017.??.??"]
[EventType "swiss"]
[EventCountry "GER"]
[SourceTitle "playchess.com"]
[Source "ChessBase"]
[SourceQuality "1"]
[TimeControl "40/6000+30:3000+30"]

1. d4 {[%emt 0:00:00]} Nf6 {[%emt 0:00:08]} 2. c4 {[%emt 0:00:11]} e6 {[%emt 0:00:11]} 3. Nc3 {[%emt 0:00:25]} Bb4 {[%emt 0:00:19]} 4. Nf3 {[%emt 0:05:19]} c5 {[%emt 0:02:20]} 5. e3 {[%emt 0:03:48]} O-O {[%emt 0:02:13]} 6. Bd3 {[%emt 0:02:00]} b6 {[%emt 0:02:04]} 7. O-O {[%emt 0:01:01]} Bb7 {[%emt 0:00:17]} 8. Qe2 {[%emt 0:09:12]} (8. Na4 $5 {[%cal Ra2a3]}) 8... Bxf3 {[%emt 0:06:24] E43: Nimzo-Indian: Rubinstein: 4...b6} (8... Bxc3 9. bxc3 Be4 10. Nd2 Bxd3 11. Qxd3 Nc6 12. e4 e5 13. d5 Ne7 14. f4 exf4 15. e5 Ng4 16. Qe2 f5 17. h3 {1-0 (58) Duda,J (2658)-Bachmann,A (2593) Berlin 2015}) 9. Qxf3 {[%emt 0:06:27]} Nc6 {[%emt 0:00:44]} 10. Ne2 {[%emt 0:04:24]} Qe7 $146 {[%emt 0:01:35]} ({Predecessor:} 10... cxd4 $11 11. exd4 d5 12. Rd1 dxc4 13. Bxh7+ Kxh7 14. Qxc6 Qd5 15. Qa4 Bd6 16. h3 {0-1 (28) Guth,W (1958)-Sobolevsky,L (2271) Frankfurt 2010}) 11. a3 {[%emt 0:04:40]} Ba5 {[%emt 0:00:27]} 12. e4 {[%emt 0:02:11]} Ne8 {[%emt 0:15:55]} ({But not} 12... Nxd4 $2 13. Nxd4 Qd6 14. Nb3 $18) 13. e5 {[%emt 0:19:08]} Rc8 {[%emt 0:05:25]} 14. Qh3 {[%emt 0:02:56]} ({But not} 14. b4 $6 cxb4 15. Qh3 (15. axb4 Bxb4 16. Be4 a5 $11) 15... f5 $14) 14... f5 {[%emt 0:02:54]} 15. f4 {[%emt 0:01:21]} b5 {[%emt 0:03:41]} 16. d5 {[%emt 0:06:45]} bxc4 {[%emt 0:01:30]} 17. d6 {[%emt 0:02:55]} Qf7 {[%emt 0:06:56]} 18. Bxc4 {[%emt 0:00:23]} Bb6 {[%emt 0:00:17]} 19. Bd2 {[%emt 0:01:55]} Rb8 {[%emt 0:05:50]} 20. Rac1 {[%emt 0:10:47]} g6 {[%emt 0:01:19]} 21. Qb3 {[%emt 0:05:42]} Ng7 {[%emt 0:00:53]} 22. Qa4 {[%emt 0:00:18]} Qe8 {[%emt 0:06:02]} 23. Bb5 {[%emt 0:01:17]} Rc8 {[%emt 0:00:29]} 24. Be3 {[%emt 0:01:56]} Qd8 {[%emt 0:05:03]} 25. Kh1 {[%emt 0:04:14]} Nb8 {[%emt 0:02:57]} 26. Rc2 {[%emt 0:01:51]} h6 {[%emt 0:04:06]} 27. Rfc1 {[%emt 0:00:50]} Kh7 {[%emt 0:00:37]} 28. Bxc5 {[%emt 0:03:51]} Bxc5 {[%emt 0:00:35]} 29. Rxc5 {[%emt 0:00:05]} Rxc5 {[%emt 0:00:06]} 30. Rxc5 {[%emt 0:00:03]} Qb6 {[%emt 0:00:40]} 31. b4 {[%emt 0:00:21]} Qb7 {[%emt 0:03:18]} 32. Qc2 {[%emt 0:01:11]} g5 {[%emt 0:00:49]} 33. fxg5 {[%emt 0:00:34]} hxg5 {[%emt 0:00:10]} 34. Nd4 {[%emt 0:00:38]} Rf7 {[%emt 0:01:32]} 35. Be2 {[%emt 0:04:13]} Kh6 {[%emt 0:01:28]} 36. Qd3 {[%emt 0:02:11]} g4 {[%emt 0:01:25]} 37. Kg1 {[%emt 0:00:46]} Nh5 {[%emt 0:00:39]} 38. Qd2+ {[%emt 0:01:16]} Kg6 {[%emt 0:00:50]} 39. Bd3 {[%emt 0:00:12]} Rg7 {[%emt 0:01:46]} 40. Qf2 {[%emt 0:01:16]} Na6 {[%emt 1:00:07]} 41. Rc4 {[%emt 0:06:53]} Qd5 {[%emt 0:00:00]} 42. Qe3 {[%emt 0:07:06]} g3 $18 {[%emt 0:00:00]} 43. hxg3 {[%emt 0:04:07]} Kf7 {[%emt 0:00:00]} 44. Qh6 {[%emt 0:05:09]} Nxg3 {[%emt 0:00:00]} 45. Qf6+ {[%emt 0:00:17]} Kg8 {[%emt 0:00:00]} 46. Rc8+ {[%emt 0:00:42]} Kh7 {[%emt 0:00:00]} 47. Qh4+ {[%emt 0:00:34]} Kg6 {[%emt 0:00:00]} 48. Rh8 {[%emt 0:05:23]} Qxe5 {[%emt 0:00:00]} 49. Rh6+ {[%emt 0:00:09]} Kf7 {[%emt 0:00:00]} 50. Qe7+ {[%emt 0:00:07]} 1-0